000 00427nas a22001817i 4500
999 _c2668
_d2668
001 2695
003 OSt
005 20180810125825.0
007 tu
008 161220b xxu||||| |||| 00| 0 d
024 7 _a2694
_2RID
040 _cOSt
110 2 _aOsteuropa-Institut <München>
_eEd.
245 _aMünchener Gespräche über Osteuropa
260 _aMünchen :
_bOsteuropa-Institut
300 _bnicht kat.
942 _cSE